[Event "GER-chT U16"]
[Site "Magdeburg"]
[Date "2019.12.30"]
[Round "7.6"]
[White "Hungeling, David"]
[Black "Engert, Kiyan"]
[Result "0-1"]
[WhiteElo "1507"]
[BlackElo "1730"]
[PlyCount "110"]
[EventDate "2019.12.27"]
[EventType "team-swiss"]
[EventRounds "7"]
[EventCountry "GER"]
[SourceTitle "CBM 194 Extra"]
[Source "ChessBase"]
[SourceDate "2020.03.31"]
[SourceVersion "1"]
[SourceVersionDate "2020.03.31"]
[SourceQuality "1"]
[WhiteTeam "Muenster"]
[BlackTeam "Biebertal"]
[WhiteTeamCountry "GER"]
[BlackTeamCountry "GER"]

1. e4 e5 2. Nf3 Nc6 3. Bb5 a6 4. Ba4 Nf6 5. 0-0 Be7 6. Re1 b5 7. Bb3 0-0 8. c3 d5 9. exd5 Nxd5 10. Nxe5 Nxe5 11. Rxe5 c6 12. Bxd5 cxd5 13. d4 Bd6 14. Re3 f5 15. Qf3 Kh8 16. Nd2 f4 17. Re1 Qc7 18. Nf1 Bd7 19. Bd2 Rf6 20. h3 Raf8 21. Nh2 Rg6 22. Kh1 Qc6 23. Rg1 Bc7 24. Rae1 Bf5 25. Qe2 Rh6 26. Qe7 Bd6 27. Qe2 Bxh3 28. gxh3 f3 29. Qe3 Rxh3 30. Rg3 Bxg3 31. fxg3 Qg6 32. Qf2 Rxg3 33. Rg1 Rg2 34. Rxg2 fxg2+ 35. Qxg2 Qb1+ 36. Qg1 Qxb2 37. Qc1 Qxc1+ 38. Bxc1 Rf2 39. Kg1 Rxa2 40. Bf4 Rc2 41. Nf1 Rxc3 42. Kf2 b4 43. Nd2 b3 44. Nb1 Rd3 45. Be3 Rd1 46. Nc3 Ra1 47. Nxd5 b2 48. Nc3 b1Q 49. Nxb1 Rxb1 50. Bd2 Rb2 51. Ke3 Rxd2 52. Kxd2 Kg8 53. d5 Kf7 54. Kd3 Ke7 55. Kd4 Kd6 0-1

[Event "GER-chT U16"]
[Site "Magdeburg"]
[Date "2019.12.28"]
[Round "4.8"]
[White "Kraft, Adrian"]
[Black "Hungeling, David"]
[Result "1/2-1/2"]
[WhiteElo "1715"]
[BlackElo "1507"]
[PlyCount "75"]
[EventDate "2019.12.27"]
[EventType "team-swiss"]
[EventRounds "7"]
[EventCountry "GER"]
[SourceTitle "CBM 194 Extra"]
[Source "ChessBase"]
[SourceDate "2020.03.31"]
[SourceVersion "1"]
[SourceVersionDate "2020.03.31"]
[SourceQuality "1"]
[WhiteTeam "Lichtenberg Borussia"]
[BlackTeam "Muenster"]
[WhiteTeamCountry "GER"]
[BlackTeamCountry "GER"]

1. c4 e6 2. g3 Nf6 3. Bg2 d5 4. cxd5 exd5 5. Nf3 Nc6 6. d3 Bf5 7. 0-0 Bc5 8. a3 0-0 9. b4 Bb6 10. Bb2 Re8 11. Nc3 a6 12. Rc1 Nd4 13. Nxd4 Bxd4 14. Qc2 c6 15. Rfd1 Qe7 16. e3 Ba7 17. Re1 d4 18. Nd1 dxe3 19. Nxe3 Bg6 20. Qc3 Qd7 21. Rcd1 Rad8 22. d4 h6 23. d5 Bxe3 24. fxe3 cxd5 25. Bxd5 Qe7 26. e4 Rc8 27. Qd4 Bh5 28. Rd2 Rc7 29. e5 Nxd5 30. Qxd5 Qe6 31. Qe4 Bg6 32. Qf4 Qf5 33. Qd4 Qe6 34. Qh4 Qe7 35. Qf4 Qe6 36. Rd6 Qf5 37. Qd4 Rce7 38. Re2 1/2-1/2

[Event "GER-chT U16"]
[Site "Magdeburg"]
[Date "2019.12.27"]
[Round "2.8"]
[White "Wagner, Margarethe"]
[Black "Hungeling, David"]
[Result "1/2-1/2"]
[WhiteElo "1805"]
[BlackElo "1507"]
[PlyCount "125"]
[EventDate "2019.12.27"]
[EventType "team-swiss"]
[EventRounds "7"]
[EventCountry "GER"]
[SourceTitle "CBM 194 Extra"]
[Source "ChessBase"]
[SourceDate "2020.03.31"]
[SourceVersion "1"]
[SourceVersionDate "2020.03.31"]
[SourceQuality "1"]
[WhiteTeam "Erfurt SK"]
[BlackTeam "Muenster"]
[WhiteTeamCountry "GER"]
[BlackTeamCountry "GER"]

1. e4 e6 2. d4 d5 3. e5 c5 4. c3 Nc6 5. Nf3 Qb6 6. a3 cxd4 7. cxd4 Bd7 8. Nc3 Nge7 9. Na4 Qc7 10. Bd3 Na5 11. Nc3 Nc4 12. 0-0 Rc8 13. Ne2 h6 14. Nf4 Qb6 15. b3 Na5 16. b4 Nc4 17. Qe2 Bb5 18. Be3 a6 19. a4 Nxe3 20. fxe3 Bxd3 21. Nxd3 Nc6 22. a5 Qc7 23. Rfc1 Be7 24. Rab1 b5 25. axb6 Qxb6 26. b5 axb5 27. Nb4 Na7 28. Rxc8+ Nxc8 29. e4 Qb7 30. exd5 exd5 31. Nd2 0-0 32. Nf1 Na7 33. Ne3 Rd8 34. Nf5 Bxb4 35. Rxb4 Qc7 36. Rb1 Qd7 37. Nd6 Rb8 38. Qa2 Nc8 39. Qxd5 Nxd6 40. exd6 Kf8 41. Rc1 Rd8 42. Rc6 b4 43. h3 b3 44. Rb6 b2 45. Qb3 Qe6 46. Qxb2 Rxd6 47. Qa3 Ke7 48. Rb7+ Ke8 49. Rb8+ Ke7 50. Rb6 Qe1+ 51. Kh2 Qe6 52. Qa7+ Kf6 53. Rb1 Kg6 54. Qc5 Kh7 55. Rf1 Rd5 56. Qc2+ Kh8 57. Qf2 Rd7 58. Kh1 f6 59. Re1 Qf7 60. Qb2 Kh7 61. Qc2+ Qg6 62. Qc3 Qf7 63. Qd3+ 1/2-1/2

[Event "GER-ch U25-B"]
[Site "Willingen"]
[Date "2018.05.23"]
[Round "6"]
[White "Hungeling, David"]
[Black "Lilienthal, Niels Bennett"]
[Result "0-1"]
[WhiteElo "1435"]
[BlackElo "1694"]
[PlyCount "120"]
[EventDate "2018.05.19"]
[EventType "swiss"]
[EventRounds "9"]
[EventCountry "GER"]
[SourceTitle "CBM 184 Extra"]
[Source "ChessBase"]
[SourceDate "2018.06.28"]
[SourceVersion "1"]
[SourceVersionDate "2018.06.28"]
[SourceQuality "1"]

1. e4 d6 2. d4 g6 3. Nf3 Bg7 4. Nc3 Nf6 5. Bc4 0-0 6. h3 c5 7. Be3 a6 8. dxc5 Qc7 9. 0-0 Nbd7 10. Bb3 Nxc5 11. Bxc5 Qxc5 12. Re1 b5 13. a3 Bb7 14. Qe2 Rad8 15. Rad1 Nd7 16. Rd3 Nb6 17. Nd2 Qc7 18. Qf3 Nd7 19. Qd1 Nc5 20. Rde3 Nxb3 21. Nxb3 Qb6 22. Qd2 Bh6 23. Nd5 Bxd5 24. Qxd5 Bxe3 25. Rxe3 Rc8 26. c3 Qc6 27. Na5 Qxd5 28. exd5 Rc7 29. Kf1 Re8 30. Ke2 Kf8 31. Kd2 e6 32. dxe6 fxe6 33. Re4 Ke7 34. Rh4 h5 35. g4 Rh8 36. f4 Kf6 37. Ke3 e5 38. fxe5+ dxe5 39. Ke4 Ke6 40. Ke3 Kd5 41. Kd3 g5 42. Rxh5 Rxh5 43. gxh5 Rh7 44. c4+ bxc4+ 45. Nxc4 Rxh5 46. Ne3+ Ke6 47. Ke4 Rxh3 48. Nc4 Rh4+ 49. Kd3 Rxc4 50. Kxc4 g4 51. Kd3 g3 52. Ke3 Kd5 53. Kf3 Kc4 54. Kxg3 Kb3 55. Kf3 Kxb2 56. Ke4 Kxa3 57. Kxe5 Kb3 58. Kd4 a5 59. Kd3 a4 60. Kd2 Kb2 0-1

[Event "GER-ch U25-A"]
[Site "Willingen"]
[Date "2017.06.09"]
[Round "8"]
[White "Lossin, Charlotte"]
[Black "Hungeling, David"]
[Result "1-0"]
[WhiteElo "1319"]
[BlackElo "1504"]
[PlyCount "65"]
[EventDate "2017.06.04"]
[EventType "swiss"]
[EventRounds "9"]
[EventCountry "GER"]
[SourceTitle "CBM 178 Extra"]
[Source "ChessBase"]
[SourceDate "2017.06.22"]
[SourceVersion "1"]
[SourceVersionDate "2017.06.22"]
[SourceQuality "1"]

1. d4 e6 2. c4 d5 3. Nc3 Nf6 4. Bg5 Bb4 5. cxd5 exd5 6. e3 0-0 7. Bd3 Nc6 8. Nf3 Bg4 9. 0-0 Bxc3 10. bxc3 h6 11. Bh4 Re8 12. Be2 Qd6 13. Bxf6 Qxf6 14. Qb3 Qd6 15. h3 Bc8 16. c4 Na5 17. Qb5 Nxc4 18. Qxe8+ Qf8 19. Qxf8+ Kxf8 20. Bxc4 dxc4 21. a4 c6 22. a5 Rb8 23. Rfc1 Be6 24. Ne5 Rc8 25. Nxc4 Bxc4 26. Rxc4 b5 27. axb6 axb6 28. Rac1 b5 29. Rxc6 Rb8 30. Rc8+ Rxc8 31. Rxc8+ Ke7 32. Rb8 b4 33. Rxb4 1-0

[Event "GER-chT U20"]
[Site "Borken"]
[Date "2016.12.27"]
[Round "1.6"]
[White "Rietschel, Tilo"]
[Black "Hungeling, David"]
[Result "1-0"]
[WhiteElo "1756"]
[BlackElo "1460"]
[PlyCount "85"]
[EventDate "2016.12.27"]
[EventType "team-swiss"]
[EventRounds "7"]
[EventCountry "GER"]
[SourceTitle "EXT 2018"]
[Source "ChessBase"]
[SourceDate "2017.10.13"]
[SourceVersion "1"]
[SourceVersionDate "2017.10.13"]
[SourceQuality "1"]
[WhiteTeam "Luebeck"]
[BlackTeam "Muenster"]
[WhiteTeamCountry "GER"]
[BlackTeamCountry "GER"]

1. e4 e6 2. d4 d5 3. Nc3 Bb4 4. e5 c5 5. a3 Bxc3+ 6. bxc3 c4 7. f4 Ne7 8. Nf3 Nbc6 9. Be2 Nf5 10. 0-0 0-0 11. Qe1 f6 12. g4 Nfe7 13. exf6 Rxf6 14. Bd2 Qe8 15. Qg3 Qg6 16. Rac1 Bd7 17. Nh4 Qe8 18. Rce1 Ng6 19. Nf3 Nge7 20. Ne5 Nxe5 21. dxe5 Rf8 22. Bd1 Rc8 23. Rf2 Rc6 24. h4 Ra6 25. Bc1 Rc6 26. Bf3 Rc7 27. h5 a6 28. f5 Nc6 29. f6 Qf7 30. g5 g6 31. Rh2 Kh8 32. Kf2 Qg8 33. Reh1 Be8 34. hxg6 Bxg6 35. Rh6 b5 36. Bh5 Bxc2 37. Ke1 Be4 38. Rh2 Bd3 39. g6 Bxg6 40. Bxg6 Rd8 41. Rxh7+ Rxh7 42. Rxh7+ Qxh7 43. Bxh7 1-0

[Event "GER-chT U10"]
[Site "Magdeburg"]
[Date "2013.12.28"]
[Round "4.2"]
[White "Hungeling, David"]
[Black "Rapp, Lukas"]
[Result "0-1"]
[WhiteElo "863"]
[BlackElo "1058"]
[PlyCount "54"]
[EventDate "2013.12.27"]
[EventType "team-swiss"]
[EventRounds "5"]
[EventCountry "GER"]
[SourceTitle "EXT 2015"]
[Source "ChessBase"]
[SourceDate "2014.11.20"]
[SourceVersion "1"]
[SourceVersionDate "2014.11.20"]
[SourceQuality "1"]
[WhiteTeam "Muenster"]
[BlackTeam "Stadtilm Blau Weiss"]
[WhiteTeamCountry "GER"]
[BlackTeamCountry "GER"]

1. e4 e5 2. Nf3 Nc6 3. Bc4 Bc5 4. 0-0 Nf6 5. Nc3 d6 6. h3 Be6 7. Bxe6 fxe6 8. d3 h6 9. Be3 Bb6 10. Bxb6 axb6 11. a3 0-0 12. d4 exd4 13. Nxd4 Nxd4 14. Qxd4 e5 15. Qe3 Qd7 16. Qg3 Qc6 17. Rfe1 Nh5 18. Qg4 Nf4 19. Ne2 Qxc2 20. Nxf4 Rxf4 21. Rac1 Qxf2+ 22. Kh1 Rxg4 23. hxg4 Rf8 24. b4 Rf4 25. a4 Rxg4 26. g3 Qf3+ 27. Kg1 Rxg3+ 0-1